00688nam a22002057a 450000500170000001000140001702000110003103500130004203700130005508200130006810000220008124500530010326000380015627000550019430000220024965000290027194200270030099900170032795201380034420100806123118.0 aENG-98629 c110.00 aEN-82161 bDBAD/PUB a910.0203 aKavitha, T.97604 aGlossary for physical geography /bby T. Kavitha aChennaibPavai Publicationsc2008 aJhani Jhan Khan Road, RoyappettaibChennaie600014 a237p.c20cm (pbk) aPhysical geography97605 2ddccENh910.0203mKAV c39707d39707 001040718NFICaDBADbDBADd2010-08-06eDBAD/PUBg110.00l0o910.0203 KAVpEN-82161r2010-08-06 00:00:00t1v110.00w2010-08-06yEN